Statistics for Zone 1 tube stations by initials

Click here to take the quiz!

General Stats

  • This quiz has been taken 477 times
    (59 since last reset)
  • The average score is 32 of 51

Answer Stats

HintAnswer% Correct
AAldgate, Angel
94%
BBank, Barbican, Bayswater, Blackfriars, Borough
90%
BSBaker Street, Bond Street
88%
EEmbankment, Euston
85%
CCCharing Cross
83%
KCSPKing's Cross St. Pancras
81%
OCOxford Circus
81%
PCPiccadilly Circus
81%
AEAldgate East
79%
PPaddington, Pimlico
79%
VVauxhall, Victoria
79%
TCRTottenham Court Road
77%
WWaterloo, Westminster
77%
LSLeicester Square, Liverpool Street
75%
CGCovent Garden
73%
FFarringdon
73%
GPGreen Park
71%
MMarylebone, Monument, Moorgate
71%
SKSouth Kensington
71%
KKennington, Knightsbridge
69%
LBLondon Bridge
69%
HHolborn
67%
HPCHyde Park Corner
67%
ESEuston Square
65%
HSKHigh Street Kensington
63%
NHGNotting Hill Gate
63%
THTower Hill
63%
EACElephant & Castle
60%
SJPSt. James's Park
60%
ECEarl's Court
58%
GSGoodge Street
54%
GPSGreat Portland Street
54%
MAMarble Arch
54%
RPRegent's Park
54%
QQueensway
52%
SSSloane Square
52%
CLChancery Lane
50%
OSOld Street
50%
RSRussell Square
50%
SPSt. Paul's
50%
GRGloucester Road
48%
LGLancaster Gate
48%
MHMansion House
46%
TTemple
46%
SSouthwark
44%
WSWarren Street
42%
CSCannon Street
40%
EREdgware Road
40%
BPSBattersea Power Station
38%
LNLambeth North
38%
NENine Elms
17%

Score Distribution

Percentile by Number Answered

Percent of People with Each Score

Your Score History

You have not taken this quiz since the last reset